| 000 | 00537nam a2200181Ia 4500 | ||
|---|---|---|---|
| 003 | GCL | ||
| 008 | 140319s9999 xx 000 0 eng d | ||
| 040 |
_aGCL / _cGCL |
||
| 082 | 0 | 4 |
_a005.1 _bB S |
| 100 | 1 | _aBROWN, ALAN W. | |
| 245 | 1 | 0 |
_aSOFTWARE ENGINEERING ENVIRONMENTS: AUTOMATED SUPPORT FOR SOFTWARE ENGINEERING / _cBROWN, ALAN W. |
| 700 | 1 | _aEARL, ANTHONY N. | |
| 700 | 1 | _aMC DERMID, JOHN A. | |
| 260 |
_a[S.N] : _bMC GRAW - HILL ، _c1992 |
||
| 300 | _a326 P | ||
| 650 | 0 | 4 | _aCOMPUTER - AIDED SOFTWARE ENGINE |
| 942 |
_2ddc _cBK |
||
| 999 |
_c21148 _d21148 |
||